000 00853nam a2200217 i 4500
001 95082
003 ES-MaACL
005 20250730153546.0
007 t|
008 050523s1916 sp |||| | spa d
080 _a970/80"15"
100 1 _aLummis, Charles F.
_974745
245 1 4 _aLos exploradores españoles del siglo XVI
_b: vindicación de la acción colonizadora española en América /
_cobra escrita en inglés por Charles F. Lummis ; versión castellana por Arturo Cuyás ; prólogo de Rafael Altamira.
260 _aBarcelona :
_bAraluce,
_c1916.
300 _a317 p., 1 lám. ;
_c19 cm.
651 4 _aAmérica española-
_xHistoria-
_y1492-1600 (Descubrimiento y conquista)
_97724
700 1 _aCuyás Armengol, Arturo.
_9148645
700 1 _aAltamira, Rafael,
_d1866-1951
_920515
852 _aES-MaACL
_jB-3056
999 _c95082
_d95082